역대 UEFA 챔피언스 리그 참가 팀 - Statistics

General Stats
  • This quiz has been taken 2 times
  • The average score is 88 of 158
Answer Stats
Country Teams % Correct
Azerbaijan 가라바흐
100%
Denmark 쾨벤하운
100%
England 아스날
100%
England 첼시
100%
England 리버풀
100%
England 맨체스터 시티
100%
England 맨체스터 유나이티드
100%
England 토트넘 홋스퍼
100%
France 파리 생제르맹
100%
France 랑스
100%
Germany 바이에른 뮌헨
100%
Germany 보루시아 도르트문트
100%
Germany 함부르크
100%
Italy 인터 밀란
100%
Italy 나폴리
100%
Netherlands 아약스
100%
Netherlands 페예노르트
100%
Norway 보되/글림트
100%
Portugal 포르투
100%
Scotland 셀틱
100%
Scotland 레인저스
100%
Spain 아틀레티코 마드리드
100%
Spain 바르셀로나
100%
Spain 마요르카
100%
Spain 레알 마드리드
100%
Spain 세비야
100%
Italy AC 밀란
100%
France AS 모나코
100%
Italy AS 로마
100%
Netherlands PSV
100%
Austria 아우스트리아 빈
50%
Austria 레드불 잘츠부르크
50%
Austria 스투름 그라츠
50%
Belarus 바테 보리소프
50%
Belgium 안데를레흐트
50%
Belgium 헹크
50%
Belgium 헨트
50%
Belgium 로열 앤트워프
50%
Belgium 스탕다르 리에주
50%
Bulgaria 레프스키 소피아
50%
Bulgaria 루도고레츠
50%
Croatia 디나모 자그레브
50%
Croatia 하이두크 스플리트
50%
Cyprus 아노르토시스 파마구스타
50%
Czech Republic 슬라비아 프라하
50%
Czech Republic 스파르타 프라하
50%
Czech Republic 빅토리아 플젠
50%
Denmark 브뢴비
50%
Denmark 미트윌란
50%
Denmark 노르셸란
50%
England 아스톤 빌라
50%
England 블랙번 로버스
50%
England 리즈 유나이티드
50%
England 레스터 시티
50%
England 뉴캐슬 유나이티드
50%
France 오세르
50%
France 지롱댕 보르도
50%
France 몽펠리에
50%
France 낭트
50%
France 올랭피크 마르세유
50%
France 올랭피크 리옹
50%
France 스타드 렌
50%
Germany 보루시아 묀헨글라트바흐
50%
Germany 아인트라흐트 프랑크푸르트
50%
Germany 헤르타 베를린
50%
Germany 호펜하임
50%
Germany 우니온 베를린
50%
Germany 슈투트가르트
50%
Germany 볼프스부르크
50%
Germany 베르더 브레멘
50%
Greece 올림피아코스
50%
Greece 파나티나이코스
50%
Hungary 데브레체니
50%
Hungary 페렌츠바로시
50%
Israel 하포엘 텔아비브
50%
Israel 마카비 하이파
50%
Israel 마카비 텔아비브
50%
Italy 아탈란타
50%
Italy 볼로냐
50%
Italy 피오렌티나
50%
Italy 유벤투스
50%
Italy 라치오
50%
Italy 파르마
50%
Italy 우디네세
50%
Kazakhstan 아스타나
50%
Kazakhstan 카이라트
50%
Moldova 셰리프
50%
Netherlands 헤이렌베인
50%
Netherlands 트벤터
50%
Norway 몰데
50%
Norway 로센보르그
50%
Poland 레기아 바르샤바
50%
Poland 비제프 우치
50%
Portugal 벤피카
50%
Portugal 보아비스타
50%
Portugal 브라가
50%
Portugal 스포르팅
50%
Romania 클루지
50%
Romania 오텔룰 갈라치
50%
Russia 크라스노다르
50%
Russia 로코모티프 모스크바
50%
Russia 로스토프
50%
Russia 루빈 카잔
50%
Russia 스파르타크 모스크바
50%
Russia 제니트 상트페테르부르크
50%
Serbia 츠르베나 즈베즈다
50%
Serbia 파르티잔
50%
Slovakia 슬로반 브라티슬라바
50%
Slovakia 질리나
50%
Slovenia 마리보르
50%
Spain 아틀레틱 클루브
50%
Spain 셀타 비고
50%
Spain 데포르티보 라 코루냐
50%
Spain 지로나
50%
Spain 레알 베티스
50%
Spain 레알 소시에다드
50%
Spain 발렌시아
50%
Spain 비야레알
50%
Sweden 헬싱보리
50%
Sweden 말뫼
50%
Switzerland 바젤
50%
Switzerland 그라스호퍼 취리히
50%
Switzerland
50%
Switzerland 영보이즈
50%
Turkey 베식타쉬
50%
Turkey 부르사스포르
50%
Turkey 페네르바흐체
50%
Turkey 갈라타사라이
50%
Turkey 이스탄불 바샥셰히르
50%
Turkey 트라브존스포르
50%
Ukraine 디나모 키이우
50%
Ukraine 샤흐타르 도네츠크
50%
Germany 바이어 04 레버쿠젠
50%
Germany 샬케 04
50%
France 스타드 브레스투아 29
50%
Denmark AaB
50%
Greece AEK
50%
Sweden AIK
50%
Cyprus APOEL
50%
Netherlands AZ
50%
Russia CSKA 모스크바
50%
Switzerland FC 취리히
50%
Romania FCSB
50%
Finland HJK
50%
France LOSC 릴
50%
Germany RB 라이프치히
50%
Austria 라피드 빈
0%
Belgium 클뤼프 브뤼허
0%
Belgium 리르서
0%
Belgium 위니옹 생질루아즈
0%
Cyprus 파포스
0%
Germany 카이저슬라우테른
0%
Romania 우니레아 우르지체니
0%
Slovakia 코시체
0%
Slovakia 페트르잘카
0%
Spain 말라가
0%
Sweden 예테보리
0%
Netherlands 빌럼 II
0%
No matching quizzes found
Score Distribution
Percent of People with Each Score
Percentile by Number Answered
Your Score History
You have not taken this quiz